00382nam a2200121Ia 45000010005000000080041000050820033000461000067000792450049001462600024001959010026002199990015002453939241024s9999 xx 000 0 und d aRD/338.97293/C755a/2012-2014 aRepública Dominicana. Consejo Nacional de la Empresa Privada 0aApertura y transparencia gestión 2012-2014 bSanto Domingoc2014 a2/3/2015 3:10:09 p.m. c9634d9634